Transform methods for solving partial differential equations (Record no. 105171)

MARC details
000 -LEADER
fixed length control field 00387nam a2200145Ia 4500
008 - FIXED-LENGTH DATA ELEMENTS--GENERAL INFORMATION
fixed length control field 230917s9999||||xx |||||||||||||| ||und||
040 ## - CATALOGING SOURCE
-- 33132
Original cataloging agency VIVEKANANDA LIBRARY
041 ## - Language
-- English
082 ## - DDC NUMBER
Classification number 515.35 D874T
100 ## - MAIN ENTRY--PERSONAL NAME
Personal name Duffy, Dean G
245 #0 - TITLE STATEMENT
Title Transform methods for solving partial differential equations
260 ## - PUBLICATION, DISTRIBUTION, ETC. (IMPRINT)
Place of publication, distribution, etc Boca Raton
Name of publisher, distributor, etc CRC Press
Date of publication, distribution, etc 1994
300 ## - PHYSICAL DESCRIPTION
Pages x, 489 p.
942 ## - ADDED ENTRY ELEMENTS (KOHA)
Koha item type Books
Holdings
Withdrawn status Lost status Damaged status Not for loan Location (home branch) Sublocation or collection (holding branch) Date acquired Koha issues (times borrowed) Koha full call number Accession No. Koha date last seen Koha item type
        VIVEKANANDA LIBRARY VIVEKANANDA LIBRARY 28/08/2002   515.35 D874T 190377 17/09/2023 Books
© Designed and Maintained by Vivekananda Library, MDU Rohtak